|
|
|
|
| LEADER |
00709nam a22001697a 4500 |
| 005 |
20160914161050.0 |
| 100 |
|
|
|a VESCOVI, Ana Paula.
|9 40724
|
| 245 |
|
|
|a Avaliar pra quê?
|
| 500 |
|
|
|a Os artigos de jornais digitalizados encontram-se disponíveis na biblioteca.
|
| 510 |
|
|
|a a GAZETA,
|b Vitória-ES,
|c 11/04/2011, p. 6, c. 4,5 e 6.
|
| 650 |
|
0 |
|a IJSN
|9 358
|
| 650 |
|
0 |
|a POLÍTICA
|9 7
|
| 650 |
|
0 |
|a DESENVOLVIMENTO
|9 35
|
| 856 |
|
|
|u /ConteudoDigital/20160726_aj04572_ijsn9.pdf
|
| 942 |
|
|
|c AJ
|
| 952 |
|
|
|0 0
|1 0
|3 Jornal
|4 0
|5 0
|6 AJ_04572_000000000000000
|7 0
|9 325518
|a BIBLIO
|b BIBLIO
|c Jornal
|d 2014-09-26
|e Digital
|l 0
|o AJ04572
|p 325497
|r 2014-09-26 00:00:00
|w 2014-09-26
|y AJ
|6 AJ_04572_000000000000000
|w 2014-09-26
|
| 999 |
|
|
|c 321290
|d 321290
|